000 00426nmm a2200145Ia 4500
008 251105s9999||||xx |||||||||||||||||und||
041 _aspa
100 _aCervantes Saavedra, Miguel de
245 0 _aDon Quijote de la Mancha
264 _a[Madrid, España] :
_bCastalia Ediciones,
_c2011
300 _a360 páginas
650 _aSpanish narrative
856 _uhttps://public.digitaliapublishing.com/a/30994
942 _cCF
999 _c104405
_d104405